000 00285nam a22001337a 4500
008 170522b xxu||||| |||| 00| 0 eng d
020 _a0865980535
041 _aeng
080 _a94(6)
100 _a16
101 _aSHH
245 _aSEEDS OF FAMINE
_cFRANKE, R.W
942 _2udc
_cBK
999 _c13754
_d13754